000 00459nam a22001697a 4500
005 20251108165338.0
008 250721s1992 xx 000 0 ara d
082 1 4 _a956.93/ضيا
100 1 _aالحاجري، ضياء
245 1 0 _aإسرائيل من الداخل /
264 1 _aالقاهره :
_bمكتبة إبن سينا،
_c1992.
300 _a192ص
650 1 7 _aاليهود
650 1 7 _aالتاريخ
942 _2ddc
_cBK
999 _c25628
_d25628